The renaissance: a history of civilization in Italy from 1304- 1576 A. D. (Record no. 36246)

MARC details
000 -LEADER
fixed length control field 00439nam a2200169Ia 4500
020 ## - INTERNATIONAL STANDARD BOOK NUMBER
ISBN 0- 671- 61600- 5
050 ## - CALL MARK
Classification number CB 53 .D86/
100 ## - STATEMENT OF RESPONSIBILITY--MAIN AUTHOR NAME
Personal name Durant, Will
245 #4 - TITLE STATEMENT
Title The renaissance: a history of civilization in Italy from 1304- 1576 A. D.
260 ## - PUBLICATION, DISTRIBUTION, ETC. (IMPRINT)
Place of publication New York
260 ## - PUBLICATION, DISTRIBUTION, ETC. (IMPRINT)
Name of publisher Simon and Schuster
260 ## - PUBLICATION, DISTRIBUTION, ETC. (IMPRINT)
Year of publication 1953
300 ## - PHYSICAL DESCRIPTION
Number of Pages 776 p
942 ## - ADDED ENTRY ELEMENTS (KOHA)
Koha item type Books
Holdings
Withdrawn status Lost status Source of classification or shelving scheme Damaged status Not for loan Permanent Location Current Location Date acquired Accession Number Price effective from Koha item type
    Library of Congress Classification     NILE UNIVERSITY OF NIGERIA - MAIN LIBRARY NILE UNIVERSITY OF NIGERIA - MAIN LIBRARY 04/23/2025 0002180 04/23/2025 Books